Improving the flood performance of new buildings (Record no. 106997)

MARC details
000 -LEADER
fixed length control field 01505cad a22002895a 4500
001 - CONTROL NUMBER
control field L138094
008 - FIXED-LENGTH DATA ELEMENTS--GENERAL INFORMATION
fixed length control field 070516s2007 xxkado f 000 0 eng d
020 ## - INTERNATIONAL STANDARD BOOK NUMBER
International Standard Book Number 9781859462874
035 ## - SYSTEM CONTROL NUMBER
System control number (Sirsi) u138094
041 0# - LANGUAGE CODE
Language code of text/sound track or separate title eng
100 1# - MAIN ENTRY--PERSONAL NAME
Personal name Bowker, Pam
245 00 - TITLE STATEMENT
Title Improving the flood performance of new buildings
Remainder of title flood resilient construction
Medium [electronic resource]
260 ## - PUBLICATION, DISTRIBUTION, ETC.
Place of publication, distribution, etc. London
Name of publisher, distributor, etc. DCLG
Date of publication, distribution, etc. 2007
520 ## - SUMMARY, ETC.
Summary, etc. Provides guidance on the design and specification of housing and other buildings in order to reduce the impacts of flooding. Gives recommendations for constructing flood buildings in flood prone areas. Details methods for flood avoidance, resistance, resilience and repairability. Considers the relative merits of water exclusion and water entry strategies.
590 ## - LOCAL NOTE (RLIN)
Local note KA NTK
650 24 - SUBJECT ADDED ENTRY--TOPICAL TERM
Topical term or geographic name entry element PLANNING POLICY STATEMENT 25
650 24 - SUBJECT ADDED ENTRY--TOPICAL TERM
Topical term or geographic name entry element TAN 15
650 24 - SUBJECT ADDED ENTRY--TOPICAL TERM
Topical term or geographic name entry element SPP7
650 24 - SUBJECT ADDED ENTRY--TOPICAL TERM
Topical term or geographic name entry element UK CLIMATE IMPACTS PROGRAMME
651 #4 - SUBJECT ADDED ENTRY--GEOGRAPHIC NAME
Geographic name United Kingdom
Chronological subdivision
690 ## - LOCAL SUBJECT ADDED ENTRY--TOPICAL TERM (OCLC, RLIN)
Topical term or geographic name as entry element BUILT ENVIRONMENT-CONSTRUCTION DESIGN-CONSTRUCTION SPECIFICATION
700 1# - ADDED ENTRY--PERSONAL NAME
Personal name Manuela, Escarameia
700 1# - ADDED ENTRY--PERSONAL NAME
Personal name Tagg, Andrew
856 40 - ELECTRONIC LOCATION AND ACCESS
Uniform Resource Identifier <a href="https://webarchive.nationalarchives.gov.uk/20100408054112/http://www.planningportal.gov.uk/uploads/br/flood_performance.pdf">https://webarchive.nationalarchives.gov.uk/20100408054112/http://www.planningportal.gov.uk/uploads/br/flood_performance.pdf</a>
Public note View the item free of charge in the National Archives
856 40 - ELECTRONIC LOCATION AND ACCESS
Uniform Resource Identifier <a href="https://webarchive.nationalarchives.gov.uk/20100408054112/http://www.planningportal.gov.uk/uploads/br/flood_performance.pdf">https://webarchive.nationalarchives.gov.uk/20100408054112/http://www.planningportal.gov.uk/uploads/br/flood_performance.pdf</a>
Public note View the item free of charge at the www.gov.uk
942 ## - ADDED ENTRY ELEMENTS (KOHA)
Suppress in OPAC 0
Holdings
Withdrawn status Lost status Source of classification or shelving scheme Damaged status Not for loan Home library Current library Shelving location Date acquired Total Checkouts Full call number Barcode Date last seen Copy number Price effective from Koha item type
    Dewey Decimal Classification     Virtual Virtual Online 16/05/2007   ONLINE PUBLICATION 138094-1001 06/08/2019 1 06/08/2019 Book